Las tendencias de la gestión de la innovación en la función pública: El caso de Costa Rica /
Zapisane w:
| 1. autor: | |
|---|---|
| Format: | Texto |
| Etykiety: |
Dodaj etykietę
Nie ma etykietki, Dołącz pierwszą etykiete!
|
MARC
| LEADER | 00000 a a2200000 04500 | ||
|---|---|---|---|
| 001 | 44301 | ||
| 003 | |||
| 040 | |||
| 100 | |a Bermúdez Mora, Juan Carlos | ||
| 245 | |a Las tendencias de la gestión de la innovación en la función pública: |b El caso de Costa Rica / |c Juan Carlos Bermúdez Mora | ||
| 773 | |g número57 (enero-diciembre, 2009), páginas 123-170 | ||
| 999 | |c 19817 |d 19817 | ||
